00595nam a2200169Ia 4500008004000000020001800040082001600058100002100074245003700095260003700132300000800169650003400177690002100211906001100232999001700243952016500260210210b1994 xxu||||| |||| 00| 0 eng d a81 7033 223 9 a331.13 PEEH aPEER (Mohammed). aHigher education and employment. aJaipurbRawat Publicationsc1994 a115 aEmployment & Higher Education aLabour Economics a048568 c97694d97694 001040708EconomicsaALbALcEconomicsd2021-02-17eHigginbothams (P) Ltd., Mangalore-01.g150.00l0o331.13 PEEHp048568r2021-02-17 00:00:00w2021-02-17yBK